| 000 | 00937nam a2200217Ia 4500 | ||
|---|---|---|---|
| 001 | 10669 | ||
| 003 | GE_BSU | ||
| 008 | 181216s||||||||xx |||||||||||||| ||und|| | ||
| 020 | _a9789941918926 | ||
| 040 | _cGE_BSU | ||
| 080 | _a821.09(072) | ||
| 100 | _aღამბაშიძე,ნინო. | ||
| 245 | _aმხატვრული ლიტერატურის სწავლება:[საზღვარგარეთის ლიტერატურის სწავლების მეთოდიკა] | ||
| 260 | _aთბილისი. | ||
| 260 | _bარტლაინსი. | ||
| 260 | _c2011. | ||
| 300 | _a82გვ;25სმ. | ||
| 541 | _h10ლ. | ||
| 653 | _aმხატვრული ლიტერატურის სწავლება:[საზღვარგარეთის ლიტერატურის სწავლების მეთოდიკა] | ||
| 942 | _cBK | ||
| 999 |
_c43920 _d43920 |
||